000 02107nam0a2200337 4500
001 RU\NLR\bibl\1304184
005 20241119172117.0
020 _aRU
_b08-3509
_9Летопись авторефератов диссертаций
021 _aRU
_b2007-26927а
_91078а
035 _a(NLR Aleph) 001289721
090 _a551465
_c551465
100 _a20080325d2007 u u0rusy50 ca
101 0 _arus
102 _aRU
105 _aa dm |||||
200 1 _aОрганизация амбулаторного физиотерапевтического лечения городских жителей при заболеваниях нервной и костно-мышечной системы с учетом их медицинского и социального обеспечения
_e(на примере прихожан евангелическо-лютеранкой церкви)
_eавтореф. дис. на соиск. учен. степ. канд. мед. наук
_eспециальность 14.00.33 <Обществ. здоровье и здравоохранение>
_eспециальность 14.00.51 <Восстановит. медицина, лечеб. физкультура и спортив. медицина, курортология и физиотерапия>
_fШван Светлана Наврузматовна
_g[С.-Петерб. гос. мед. акад. им. И. И. Мечникова]
210 _aСанкт-Петербург
_d2007
215 _a24,[1] с.
_d21
320 _aБиблиогр.: с. 23-25 (16 назв.)
675 _a615.8
_v3
_zrus
686 _a76.29
_2rugasnti
686 _a53.54/59
_2rubbk
686 _a14.00.33
_a09114.00.51
_2oksvnk
700 1 _aШван
_bС. Н.
_gСветлана Наврузматовна
_4070
801 0 _aRU
_bRKP
_c20080325
_gPSBO
801 1 _aRU
_bRKP
_c20080325
801 2 _aRU
_bNLR
_c20081209
_grcr
901 _eАвторефераты
942 _cBOOK
981 1 0 _a(10) Авторефераты